Cristianismo y progreso social
Uloženo v:
| Hlavní autor: | |
|---|---|
| Médium: | Kniha |
| Jazyk: | španělština |
| Vydáno: |
Andorra la Vieja
Casal i Vall
1961
|
| Vydání: | 1a. ed |
| Edice: | Yo Sé-Yo Creo, 57
|
| Témata: | |
| Tagy: |
Přidat tag
Žádné tagy, Buďte první, kdo vytvoří štítek k tomuto záznamu!
|
MARC
| LEADER | 00000cam a2200000 a 4500 | ||
|---|---|---|---|
| 001 | UCE3888 | ||
| 003 | CL-VaPUC | ||
| 008 | 141003e19610000an |||||||||||||||||spa|d | ||
| 082 | 0 | 4 | |a 261.7 |b GUI |2 21 |
| 100 | |a Guissard, Lucien |e author |9 576409 | ||
| 245 | 1 | 0 | |a Cristianismo y progreso social |
| 250 | |a 1a. ed | ||
| 300 | |a 158 p | ||
| 942 | |c BK | ||
| 945 | |d 20141003 14:17:00 |a dcastane | ||
| 260 | |a Andorra la Vieja |b Casal i Vall |c 1961 | ||
| 500 | |a v.57 p.5: presencia de la salvación entre nosotros | ||
| 650 | 7 | |a CRISTIANISMO Y SOCIEDAD |2 CL-VaPUC |9 404460 | |
| 650 | 0 | |a Socialismo |9 255260 | |
| 650 | 7 | |a TEORIA SOCIAL DE LA IGLESIA |2 CL-VaPUC |9 404461 | |
| 583 | |a last modification |c 20141003 14:17:00 |k Rodrigo Vera | ||
| 490 | 0 | |a Yo Sé-Yo Creo, 57 | |
| 999 | |c 357005 |d 357003 | ||
| 952 | |0 0 |1 0 |3 erb |4 0 |6 261_700000000000000_GUI_1961 |7 0 |8 A |9 464812 |a BIBTEO |b BIBTEO |i 4999576 |o 261.7 GUI 1961 |p 4999576 |r 2025-01-17 |w 2019-11-23 |y BK |z Catalogado en:20141003 |k ICR | ||